LEADER 01257nam--2200385---450- 001 990002992030203316 005 20080604095329.0 010 $a92-9167-635-7 035 $a000299203 035 $aUSA01000299203 035 $a(ALEPH)000299203USA01 035 $a000299203 100 $a20071017d2003----km-y0itay0103----ba 101 $aeng 102 $aLU 105 $a||||||||001yy 200 1 $aAir pollution in Europe, 1990-2000$fEuropean environment agency 210 $aLuxembourg$cOffice for official publications of the European Communities$d2003 215 $aVII, 77 p.$cill.$d30 cm 225 2 $aTopic report$v4/2003 410 0$12001$aTopic report$v4/2003 606 0 $aInquinamento atmosferico$yPaesi della Comunità europea 676 $a363.7392094 699 $a16.04$bLotta all'inquinamento 710 02$aAGENZIA EUROPEA DELL'AMBIENTE$0541548 801 0$aIT$bsalbc$gISBD 912 $a990002992030203316 951 $aCDE 16.04 (VII)$b12515 E.C.$cCDE 16.04$d00134893 959 $aBK 969 $aCDE 979 $aMARIAS$b90$c20071017$lUSA01$h1448 979 $aMARIAS$b90$c20071017$lUSA01$h1449 979 $aMARIAS$b90$c20080604$lUSA01$h0953 996 $aAir pollution in Europe, 1990-2000$91029188 997 $aUNISA LEADER 01903nam 2200421Ia 450 001 996386785903316 005 20221108072058.0 035 $a(CKB)4940000000080396 035 $a(EEBO)2240856600 035 $a(OCoLC)13241699 035 $a(EXLCZ)994940000000080396 100 $a19860305d1684 uy | 101 0 $aeng 135 $aurbn||||a|bb| 200 00$aAnglorum speculum, or, The worthies of England in church and state$b[electronic resource] $ealphabetically digested into the several shires and counties therein contained : wherein are illustrated the lives and characters of the most eminent persons since the conquest to this present age : also an account of the commodities and trade of each respective county and the most flourishing cities and towns therein 210 $aLondon $cPrinted for John Wright ... Thomas Passinger ... and William Thackary ...$d1684 215 $a[8], 224, 369-596, 739-974, [16] p 300 $aPreface signed: G.S. 300 $aAttributed to George Sandys. Cf. Halkett & Laing (2nd ed.). 300 $aPages beginning-209 are tightly bound in filmed copy. Beginning-p. 213 photographed from Bodleian Library copy and inserted at the end. 300 $aReproduction of original in British Library. 330 $aeebo-0018 607 $aGreat Britain$vBiography 607 $aWales$vBiography 607 $aGreat Britain$xDescription and travel 607 $aGreat Britain$xDescription and travel$vEarly works to 1800 607 $aWales$xDescription and travel 607 $aWales$xDescription and travel$vEarly works to 1800 700 $aSandys$b George$f1578-1644.$0709605 801 0$bEAA 801 1$bEAA 801 2$bm/c 801 2$bUMI 801 2$bWaOLN 906 $aBOOK 912 $a996386785903316 996 $aAnglorum speculum, or, The worthies of England in church and state$92358387 997 $aUNISA LEADER 12784nam 22007213 450 001 9910418286103321 005 20251116142101.0 010 $a3-428-55044-7 035 $a(CKB)5410000000000260 035 $a(MiAaPQ)EBC7101175 035 $a(Au-PeEL)EBL7101175 035 $a(OCoLC)1347029622 035 $a(oapen)https://directory.doabooks.org/handle/20.500.12854/51156 035 $a(EXLCZ)995410000000000260 100 $a20221219d2017 uy 0 101 0 $ager 135 $aurcnu|||||||| 181 $ctxt$2rdacontent 182 $cc$2rdamedia 183 $acr$2rdacarrier 200 14$aDer König und Sein Beichtvater $eFriedrich Wilhelm IV. und Carl Wilhelm Saegert. Briefwechsel 1848 Bis 1856. Red. : Mathias Friedel 205 $a1st ed. 210 $cDuncker & Humblot$d2016 210 1$aBerlin :$cDuncker & Humblot,$d2017. 210 4$d©2016. 215 $a1 online resource (499 pages) 225 1 $aDeutsche Geschichtsquellen des 19. und 20. Jahrhunderts 311 08$a3-428-15044-9 327 $aIntro -- Inhaltsverzeichnis -- Vorwort -- Danksagung -- Einleitung -- 1. Zur Biographie Saegerts -- 2. Saegert und die Revolution von 1848 -- 3. Zum Charakter des Briefverkehrs zwischen König und Taubstummenlehrer November 1848 - Januar 1856 -- 4. Saegert und die preußische Verfassungspolitik 1848-1855 -- 5. Saegert und die preußischen Minister -- 6. Saegert und die preußische Außenpolitik 1850-1855 -- 7. Die Trennung zwischen Friedrich Wilhelm IV. und Saegert -- Verzeichnis der weniger gebräuchlichen Abkürzungen -- Verzeichnis der Briefe -- Briefe -- 1. Friedrich Wilhelm IV. an Saegert. Potsdam, 18. November 1848 -- 2. Friedrich Wilhelm IV. an Saegert. [o.O.] 29. November 1848, Am Silberhochzeitstage -- 3. Friedrich Wilhelm IV. an Saegert. Potsdam, 19. Dezember 1848 -- 4. Saegert an Friedrich Wilhelm IV. [o.O.] 7. Januar 1849 -- 5. Friedrich Wilhelm IV. an Saegert. [o.O., 7./8. Januar 1849] -- 6. Saegert an Friedrich Wilhelm IV. [o.O., 26. Februar 1849] -- 7. Friedrich Wilhelm IV. an Saegert. [o.O., 26./27. Februar 1849] -- 8. Saegert an Friedrich Wilhelm IV. [o.O.] 28. Februar 1849 -- 9. Friedrich Wilhelm IV. an Saegert. Charlottenburg, 26. März 1849 -- 10. Saegert an Friedrich Wilhelm IV. [o.O.] 27. März 1849 -- 11. Saegert an Friedrich Wilhelm IV. Berlin, 2. April 1849 -- 12. Friedrich Wilhelm IV. an Saegert. Charlottenburg, 3. April 1849 -- 13. Saegert an Friedrich Wilhelm IV. Berlin, 4. Juni 1849 -- 14. Saegert an Friedrich Wilhelm IV. Berlin, 13. Juni 1849 -- 15. Friedrich Wilhelm IV. an Saegert. [o.O., 13./14. Juni 1849] -- 16. Saegert an Friedrich Wilhelm IV. [o.O.] 22. Juni 1849 -- 17. Saegert an Friedrich Wilhelm IV. [o.O.] 6. Juli 1849 -- 18. Saegert an Friedrich Wilhelm IV. [o.O.] 28. August 1849 -- 19. Saegert an Friedrich Wilhelm IV. Berlin, 2. September 1849 -- 20. Saegert an Friedrich Wilhelm IV. Berlin, 13. November 1849. 327 $a21. Friedrich Wilhelm IV. an Saegert. Sanssouci, 18. November 1849, Sonntag -- 22. Saegert an Friedrich Wilhelm IV. [o.O.] 13. Dezember 1849 -- 23. Friedrich Wilhelm IV. an Saegert. Potsdam, 20. Dezember 1849 -- 24. Saegert an Friedrich Wilhelm IV. Berlin, 30. Dezember 1849, Sonntag, Abends -- 25. Friedrich Wilhelm IV. an Saegert. [o.O., 30./31. Dezember 1849] -- 26. Friedrich Wilhelm IV. an Saegert. [o.O., 31. Dezember 1849] -- 27. Saegert an Friedrich Wilhelm IV. Berlin, 10. Januar 1850 -- 28. Saegert an Friedrich Wilhelm IV. [o.O.] 10. Januar 1850, abends ½ 10 Uhr -- 29. Friedrich Wilhelm IV. an Saegert. [o.O., 11. Januar 1850] -- 30. Saegert an Friedrich Wilhelm IV. o.O., 11. Januar 1850 -- 31. Friedrich Wilhelm IV. an Saegert. Charlottenburg, 15. Januar 1850 -- 32. Saegert an Friedrich Wilhelm IV. [o.O.] 16. Januar 1850, 10 Uhr früh -- 33. Friedrich Wilhelm IV. an Saegert. Charlottenburg, [16. Januar 1850] 2 Uhr -- 34. Saegert an Friedrich Wilhelm IV. [o.O.], 16. Januar 1850, 3 Uhr -- 35. Friedrich Wilhelm IV. an Saegert. [o.O., 16./17. Januar 1850] -- 36. Saegert an Friedrich Wilhelm IV. Berlin, 23. Januar 1850 -- 37. Friedrich Wilhelm IV. an Saegert. [o.O., 23. Januar 1850] -- 38. Saegert an Friedrich Wilhelm IV. Berlin, 23. Januar 1850, Abends -- 39. Friedrich Wilhelm IV. an Saegert. Charlottenburg, 25. Januar 1850 -- 40. Friedrich Wilhelm IV. an Saegert. Charlottenburg, 27. Januar 1850 -- 41. Saegert an Friedrich Wilhelm IV. [o.O.] 28. Januar 1850 -- 42. Saegert an Friedrich Wilhelm IV. [o.O.] 28. Januar 1850 -- 43. Friedrich Wilhelm IV. an Saegert. [o.O., 28./29. Januar 1850] -- 44. Saegert an Friedrich Wilhelm IV. Berlin, 30. Januar 1850 -- 45. Friedrich Wilhelm IV. an Saegert. [o.O., 30. Januar 1850] -- 46. Saegert an Friedrich Wilhelm IV. Berlin, 30. Januar 1850 -- 47. Friedrich Wilhelm IV. an Saegert. Bellevue, 31. Januar 1850, 2 Uhr. 327 $a48. Saegert an Friedrich Wilhelm IV. [o.O.] 31. Januar 1850, Abd 5 Uhr -- 49. Friedrich Wilhelm IV. an Saegert. Charlottenburg, 10. Februar 1850 -- 50. Saegert an Friedrich Wilhelm IV. [o.O.] 3. März 1850 -- 51. Friedrich Wilhelm IV. an Saegert. [o.O., 3./4. März 1850] -- 52. Friedrich Wilhelm IV. an Saegert. [o.O., 8. Mai 1850] -- 53. Saegert an Friedrich Wilhelm IV. [o.O.] 13. Mai 1850 -- 54. Saegert an Friedrich Wilhelm IV. Berlin, 21. Juli 1850 -- 55. Friedrich Wilhelm IV. an Saegert. [o.O., 21./22. Juli 1850] -- 56. Saegert an Friedrich Wilhelm IV. [o.O.] 6. November 1850 -- 57. Friedrich Wilhelm IV. an Saegert. [o.O. 6./7. November 1850] -- 58. Saegert an Friedrich Wilhelm IV. Berlin, 7. November 1850 -- 59. Saegert an Friedrich Wilhelm IV. [o.O.] 12. November 1850 Abends -- 60. Friedrich Wilhelm IV. an Saegert. [o.O., 13. November 1850] -- 61. Saegert an Friedrich Wilhelm IV. [o.O.] 13. November 1850, abends -- 62. Friedrich Wilhelm IV. an Saegert. [o.O., 13. November 1850] -- 63. Saegert an Friedrich Wilhelm IV. [o.O.] 14. November 1850 Abends -- 64. Saegert an Friedrich Wilhelm IV. [o.O.] 22. November 1850 -- 65. Friedrich Wilhelm IV. an Saegert. [o.O., 22./23. November 1850] -- 66. Friedrich Wilhelm IV. an Saegert. Potsdam, 25. November 1850, 1 Uhr -- 67. Saegert an Friedrich Wilhelm IV. Berlin, 2. Dezember 1850 -- 68. Friedrich Wilhelm IV. an Saegert. Potsdam, 3. Dezember 1850, Abends -- 69. Friedrich Wilhelm IV. an Saegert. Potsdam, 21. Dezember 1850 -- 70. Friedrich Wilhelm IV. an Saegert. Charlottenburg, 1. Januar 1851 -- 71. Saegert an Friedrich Wilhelm IV. Berlin, 13. Januar 1851 -- 72. Friedrich Wilhelm IV. an Saegert. Charlottenburg, 21. Januar 1851 -- 73. Saegert an Friedrich Wilhelm IV. Berlin, 7. Februar 1851 -- 74. Friedrich Wilhelm IV. an Saegert. Charlottenburg, 10. Februar 1851. 327 $a75. Saegert an Friedrich Wilhelm IV. Berlin, 10. Februar 1851 -- 76. Friedrich Wilhelm IV. an Saegert. Berlin, 11. Februar 1851 -- 77. Friedrich Wilhelm IV. an Saegert. Berlin, 14. Februar 1851 -- 78. Friedrich Wilhelm IV. an Saegert. Berlin, 16. Februar 1851 -- 79. Friedrich Wilhelm IV. an Saegert. Berlin, 18. Februar 1851 -- 80. Friedrich Wilhelm IV. an Saegert. Berlin, 6. März 1851 -- 81. Saegert an Friedrich Wilhelm IV. Berlin, 18. März 1851 -- 82. Saegert an Friedrich Wilhelm IV. Berlin, 21. März 1851 -- 83. Friedrich Wilhelm IV. an Saegert. Charlottenburg, 21. März 1851 -- 84. Saegert an Friedrich Wilhelm IV. Berlin, 27. März 1851 -- 85. Saegert an Friedrich Wilhelm IV. Berlin, 10. April 1851 -- 86. Saegert an Friedrich Wilhelm IV. Berlin, 28. April 1851 -- 87. Friedrich Wilhelm IV. an Saegert. Charlottenburg, 7. Mai 1851 -- 88. Saegert an Friedrich Wilhelm IV. Berlin, 13. Mai 1851 -- 89. Saegert an Friedrich Wilhelm IV. Berlin, 2. Juni 1851 -- 90. Friedrich Wilhelm IV. an Saegert. [o.O., 2./3. Juni 1851] -- 91. Saegert an Friedrich Wilhelm IV. Berlin, 11. Juni 1851 -- 92. Friedrich Wilhelm IV. an Saegert. Sanssouci, 12. Juni 1851 -- 93. Saegert an Friedrich Wilhelm IV. Berlin, 28. Oktober 1851. Abends -- 94. Friedrich Wilhelm IV. an Saegert. [o.O., 11. November 1851] -- 95. Friedrich Wilhelm IV. an Saegert. Sanssouci, 13. November 1851 -- 96. Saegert an Friedrich Wilhelm IV. Berlin, 13. November 1851. Abends -- 97. Friedrich Wilhelm IV. an Saegert. [o.O., 14. November 1851] -- 98. Friedrich Wilhelm IV. an Saegert. Potsdam, 21. November 1851 -- 99. Saegert an Friedrich Wilhelm IV. Berlin, 21. November 1851 (5 Uhr) -- 100. Friedrich Wilhelm IV. an Saegert. Potsdam, 21. November 1851 -- 101. Friedrich Wilhelm IV. an Saegert. Bellevue, 24. November 1851 -- 102. Friedrich Wilhelm IV. an Saegert. Charlottenburg, 5. Dezember 1851. 327 $a103. Saegert an Friedrich Wilhelm IV. Berlin, 16. Dezember 1851 -- 104. Saegert an Friedrich Wilhelm IV. Berlin, 22. Dezember 1851 -- 105. Saegert an Friedrich Wilhelm IV. Berlin, 24. Dezember 1851 -- 106. Friedrich Wilhelm IV. an Saegert. Charlottenburg, 1. Januar 1852 -- 107. Saegert an Friedrich Wilhelm IV. Berlin, 13. Januar 1852, Abends 8 Uhr -- 108. Friedrich Wilhelm IV. an Saegert. [o.O., 15./16. Januar 1852] -- 110. Saegert an Friedrich Wilhelm IV. Berlin, 16. Januar 1852. Abends. 8 Uhr -- 111. Friedrich Wilhelm IV. an Saegert. [o.O., 22. Januar 1852] -- 112. Friedrich Wilhelm IV. an Saegert. Bellevue, 26. Januar 1852, 11 Uhr -- 113. Saegert an Friedrich Wilhelm IV. Berlin, 4. Februar 1852. Noch vor der Cour! -- 114. Saegert an Friedrich Wilhelm IV. Berlin, 7. Februar 1852. In der Kammer -- 115. Friedrich Wilhelm IV. an Saegert. [o.O., 7./8. Februar 1852] -- 116. Friedrich Wilhelm IV. an Saegert. Berlin, 16. Februar 1852 -- 117. Saegert an Friedrich Wilhelm IV. [o.O.] 20. Februar 1852, 11 Uhr Abends -- 118. Friedrich Wilhelm IV. an Saegert. [o.O., 20./21. Februar 1852] -- 119. Friedrich Wilhelm IV. an Saegert. Berlin, 28. Februar 1852 -- 120. Saegert an Friedrich Wilhelm IV. Berlin, 2. März 1852 -- 121. Friedrich Wilhelm IV. an Saegert. Charlottenburg, 8. März 1852, Abends -- 122. Friedrich Wilhelm IV. an Saegert. Charlottenburg, 10. März 1852 -- 123. Friedrich Wilhelm IV. an Saegert. Charlottenburg, 14. März 1852 -- 124. Saegert an Friedrich Wilhelm IV. Berlin, 15. März 1852 -- 125. Friedrich Wilhelm IV. an Saegert. [o.O., 15./16. März 1852] -- 126. Friedrich Wilhelm IV. an Saegert. Charlottenburg, 17. März 1852 -- 127. Friedrich Wilhelm IV. an Saegert. Potsdam, 18. März 1852 -- 128. Friedrich Wilhelm IV. an Sagert. Berlin, 19. März 1852 -- 129. Saegert an Friedrich Wilhelm IV. [o.O.] 20. März 1852. 327 $a130. Friedrich Wilhelm IV. an Saegert. Charlottenburg, 20. März 1852. 330 $aIn den Wirren der Revolution von 1848 hat der wankende preußische König Friedrich Wilhelm IV. Halt an einem Menschen gefunden, der ihn über sieben Jahre in allen innen- und außenpolitischen Fragen beriet und lenkte: Carl Wilhelm Saegert, Leiter der Taubstummenanstalt in Berlin und seit 1853 Inspektor des preußischen Taubstummenwesens. Als sich die Verhältnisse in Berlin nach der Revolution konsolidierten, war es für Saegert unmöglich, wegen seiner fehlenden Ausbildung und seiner bürgerlichen Herkunft in der Führungshierarchie anerkannt zu werden. Der König verließ sich aber weiterhin nahezu blindlings auf ihn, und Saegert musste die undankbare Rolle des geheimen Beraters spielen, der nur durch die Bediententür Zugang zum König fand. Die Edition bringt eine Auswahl der politisch relevanten Teile der Korrespondenz für die Jahre 1848 bis 1856. Die Korrespondenz wird ergänzt durch das ungekürzte Tagebuch Saegerts für die Revolutionsmonate März bis November 1848. 410 0$aDeutsche Geschichtsquellen des 19. und 20. Jahrhunderts 517 $aKonig und sein Beichtvater. Friedrich Wilhelm IV. und Carl Wilhelm Saegert. Briefwechsel 1848 bis 1856. Red 606 $aNobility$zGermany$zPrussia$vCorrespondence 606 $aConfessors$zGermany$zPrussia$vCorrespondence 606 $aConfessors$2fast$3(OCoLC)fst00874681 606 $aKings and rulers$2fast$3(OCoLC)fst00987694 606 $aNobility$2fast$3(OCoLC)fst01038255 607 $aPrussia (Germany)$xKings and rulers$vCorrespondence 607 $aPrussia (Germany)$xHistory$yRevolution, 1848-1849$vSources 607 $aPrussia (Germany)$xHistory$yFrederick William IV, 1840-1861$vSources 607 $aGermany$zPrussia$2fast 608 $aHistory.$2fast 608 $aPersonal correspondence.$2fast 608 $aSources.$2fast 615 0$aNobility 615 0$aConfessors 615 7$aConfessors. 615 7$aKings and rulers. 615 7$aNobility. 700 $aBaumgart$b Winfried$0242373 701 $aFriedel$b Mathias$01268668 801 0$bMiAaPQ 801 1$bMiAaPQ 801 2$bMiAaPQ 906 $aBOOK 912 $a9910418286103321 996 $aDer König und sein Beichtvater$92984461 997 $aUNINA